Music Quiz

Random Music or Rock Quiz

Guitar Solo Lead-Ins Quiz Stats

 Plays Quiz not verified by Sporcle

Also try: Music To-Do Lists
Challenge
Share
Tweet
Embed
Score 0/11 Timer 06:00
0 Plays Today
Lead-In Song % Correct
'And I gave her the gun...I shot her!'Hey Joe
66.7%
'...nature of my game. Oh yeah....Get down, baby!Sympathy for the Devil
59.6%
'...and I...I live by the river! Oh! Ay ay ay oh! Ah ah ah ahhhhhh!'London Calling
36%
'Don't you know it's gonna be...alright...alright....alright. Ahahhahh!Revolution
30.2%
'...The real relation, the underlying theme...'Limelight
25.8%
'Good Lord, I feel like I'm dying...'Whipping Post
25.3%
'Open your heart...I'm comin' home.'Hey You
23.1%
'...and we don't make no collections. I want you to [SONG TITLE] with the band!Join Together
19.1%
'I never thought I'd do anybody no wrong, no not once, sir....Ohhh, do it!'In My Time of Dying
4.9%
'Comin' lookin' like you never ever did one wrong thing...'SWLABR
4%
'I tell you this: no eternal reward will forgive us now for wasting the dawn'The WASP
3.6%

You're not logged in!

Compare scores with friends on all Sporcle quizzes.
Join for Free
OR
Log In

You Might Also Like...

Show Comments

Extras

Top Quizzes Today


Score Distribution

Your Account Isn't Verified!

In order to create a playlist on Sporcle, you need to verify the email address you used during registration. Go to your Sporcle Settings to finish the process.

Report this User

Report this user for behavior that violates our Community Guidelines.

Details: